Globalizačné trendy vo svetovej ekonomike a možnosti zapojenia sa Slovenskej republiky do nich diplomová práca

Enregistré dans:
Détails bibliographiques
Auteur principal: Harišová, Martina
Collectivité auteur: Národohospodárska fakulta EU. Katedra hospodárskej politiky
Autres auteurs: Tokárová, Mária
Format: Livre
Langue:slovaque
Publié: Bratislava 2009
Tags: Ajouter un tag
Pas de tags, Soyez le premier à ajouter un tag!

MARC

LEADER 00000nam$a2200000$$$4500
001 0095732
005 20240319123756.5
041 0 |a slo 
044 |a SK 
245 1 0 |a Globalizačné trendy vo svetovej ekonomike a možnosti zapojenia sa Slovenskej republiky do nich  |b diplomová práca  |c Martina Harišová ; škol. Mária Tokárová 
264 1 |a Bratislava  |c 2009 
300 |a 73 s. 
100 1 |a Harišová, Martina 
700 1 |a Tokárová, Mária 
710 2 |a Národohospodárska fakulta EU. Katedra hospodárskej politiky